لعب العيال : (Record no. 12713)
[ view plain ]
| 000 -الفاتح | |
|---|---|
| حقل البيانات ثابتة الطول | 00992cam a22001697a 4500 |
| 008 - عناصر البيانات ثابتة الطول - معلومات عامة | |
| حقل البيانات ثابتة الطول | 090826s2002 ua ||||gr|||| 00| j ara d |
| 082 ## - رقم تصنيف ديوى العشرى | |
| رقم الطبعة | 22 |
| رقم التصنيف | 398.20962 |
| رقم المادة | ل ع ب |
| 245 ## - بيان العنوان | |
| العنوان | لعب العيال : |
| بيان المسئوليه,etc | جمع وتحقيق درويش الأسيوطى. |
| بقية العنوان | من ألعاب الأطفال الشعبية فى صعيد مصر / |
| 260 ## - PUBLICATION, DISTRIBUTION, ETC. (IMPRINT) | |
| مكان الناشر او الموزع | القاهرة : |
| اسم الناشر او الموزع | الهيئة العامة لفصور الثقافة ، |
| تاريخ النشر أو التوزيع | 2002. |
| 300 ## - الوصف المادى | |
| التعداد | 115 ص ؛ |
| أبعاد الوعاء | 20 .سم |
| 490 ## - بيان السلسلة | |
| -- | 16145 |
| عنوان السلسلة | مكتبة الدراسات الشعبية |
| -- | ؛ 65 |
| 650 ## - المدخل الاضافى بالموضوع-مصطلح موضوعى | |
| 9 (RLIN) | 8672 |
| مصطلح موضوعي أو اسم جغرافي كعنصر مدخل | الادب الشعبى |
| التقسيم الفرعي الجغرافي | مصر |
| 700 ## - المدخل الاضافى - اسم شخصى | |
| 9 (RLIN) | 8671 |
| الإسم الشخصى | الأسيوطى، درويش |
| الدور | جمع وتحقيق |
| 942 ## - عناصر المدخل الإضافي( كوها) | |
| مصدر التصنيف او مخطط الترفيف | Dewey Decimal Classification |
| Koha [default] item type | Book - Borrowing |
| حالة التراجع | حالة الفقد | مصدر التصنيف او خطة الترفيف | حالة تلف | ليس للاعارة | مجموعات كوها | المكان الدائم | المكان الحالي | موقع الترفيف | تاريخ الاكتساب | Source of acquisition | رقم الاستدعاء | الباركود | Date last seen | مُعار | نوع الوعاء |
|---|---|---|---|---|---|---|---|---|---|---|---|---|---|---|---|
| Dewey Decimal Classification | Alef-Baa | Central Library | Central Library | First floor | 26/08/2009 | 398 ل ع ب | 000018100 | 15/07/2025 | 05/11/2016 | Book - Borrowing | |||||
| Dewey Decimal Classification | Alef-Baa | Central Library | Central Library | First floor | 26/08/2009 | 398 ل ع ب | 000018094 | 15/07/2025 | Book - Borrowing |